01306 2200361 4500001002100000005001500021035002000036007000300056008004100059040002200100082001200122084001200134090002200146090001600168245023900184300004400423650001500467700003700482700002700519700003300546700003500579850001200614041001300626505006600639264005300705336002100758337003000779338002300809999002200832546004800854990002200902990002000924INLIS00000000085638420200717094647 a0010-0720000597ta200717s2019 yoio g t 0 eng d aYOPDYOGbinderda04223a730 a730 JOG aCB-D.11 2019-3034 aYOG 730 JOG00aJogja street sculpture project (JSSP) 3 "pasir bawono wukir", November 17th-December 10th 2019 Bantul-Kota-Sleman, Yogyakarta, Indonesia /cpenyunting, Fathurahman Ramadhan, Yuni Sarah; penerjemah, Aulia Widyastuti, Nailly Dwi Susanti a[135] halaman :bfoto berwarna ;c26 cm 4aSeni Pahat0 aFathurahman RamadhanePenyunting0 aYuni SarahePenyunting0 aAulia WidyastutiePenerjemah0 aNailly Dwi SusantiePenerjemah aYOPDYOG0 aindgeng aKatalog merupakan publikasi penyelenggaraan JSSP 3 tahun 201931aYogyakarta :bAsosiasi Pematung Indonesia,c2019 2rdacontentateks 2rdamediaatanpa perantara 2rdacarrieravolume aCB-D.11/2019-3034 aTeks berbahasa Indonesia dan bahasa Inggris aCB-D.11/2019-3034 a66615-PD/A.2020